Komponenty riadenia procesov v oblasti informačných technológií

Riadenie procesov v oblasti infromačných technológií predstavuje kľúčovú súčasť procesného riadenia firmy. Ako kritické aktíva ovplyvňujúce dosahovanie obchodných cieľov a výkon operatívnych činností firmy je potrebné vnímať kompletnú infraštruktúru hardvérových a softvérových súčastí, ktoré fungujú...

Descrizione completa

Salvato in:
Dettagli Bibliografici
Autore principale: Miklošík, Andrej
Natura: Capitolo di libro
Lingua:slovacco
Soggetti:
Tags: Aggiungi Tag
Nessun Tag, puoi essere il primo ad aggiungerne!!

MARC

LEADER 00000nla$a2200000$$$4500
001 0116913
005 20240502072314.1
041 0 |a slo 
044 |a SK 
245 1 0 |a Komponenty riadenia procesov v oblasti informačných technológií  |c Andrej Miklošík 
520 |a Riadenie procesov v oblasti infromačných technológií predstavuje kľúčovú súčasť procesného riadenia firmy. Ako kritické aktíva ovplyvňujúce dosahovanie obchodných cieľov a výkon operatívnych činností firmy je potrebné vnímať kompletnú infraštruktúru hardvérových a softvérových súčastí, ktoré fungujú vo vzájomných interdependenciách a interakciách. Nástroje optimalizácie a riadenia procesov v oblasti IT majú za úlohu minimalizovať negatívne dopady výpadkov jednotlivých súčastí systému na realizované činnosti a celkový vplyv na interné a externé prostredie firmy. 
610 2 0 |a technológie informačné 
610 2 0 |a riadenie procesné 
610 2 0 |a firmy 
100 1 |a Miklošík, Andrej